00509cam a22001812 4500001001100000005001700011008004100028020001500069040001500084100003600099245005700135250001300192260003000205300001800235650003900253700003200292852000300324000002019620151217154438.0110826s xx 000 0 eng d a0582473128 aKABUcKABU1 aElliott, Catherine.@000016011710aCriminal law /cCatherine Elliott and Frances Quinn. a4th ed. aLondon :bLongman,c2002. axxii, 344 p. 0aCriminal lawzEngland.@00001777861 aQuinn, Frances.@00001601201